00195 a2200085 4500001000700000020001800007040003200025100001500057245003700072119598 a9781870946537 cEscola Canadense de Niteroi aLloyd, Sue10aPhonics Workbook 3 - g p u l f b